Advanced .NET remoting / (رقم التسجيلة. 180135)
[ عرض عادي ]
| 000 -LEADER | |
|---|---|
| fixed length control field | 01840camaa22003732i 4500 |
| 001 - CONTROL NUMBER | |
| control field | 14113008 |
| 003 - CONTROL NUMBER IDENTIFIER | |
| control field | EG-GICUC |
| 005 - DATE AND TIME OF LATEST TRANSACTION | |
| control field | 20260513153125.0 |
| 008 - FIXED-LENGTH DATA ELEMENTS--GENERAL INFORMATION | |
| fixed length control field | 050919s2005 caua jr 001 0 eng c |
| 020 ## - INTERNATIONAL STANDARD BOOK NUMBER | |
| International Standard Book Number | 1590594177 |
| Qualifying information | pbk. |
| 020 ## - INTERNATIONAL STANDARD BOOK NUMBER | |
| International Standard Book Number | 9781590594179 |
| Qualifying information | (pbk.) |
| 040 ## - CATALOGING SOURCE | |
| Original cataloging agency | DST |
| Transcribing agency | DST |
| Modifying agency | OCL |
| -- | UMC |
| -- | BAKER |
| -- | DLC |
| -- | EG-GICUC |
| Language of cataloging | eng |
| Description conventions | rda |
| 082 00 - DEWEY DECIMAL CLASSIFICATION NUMBER | |
| Classification number | 005.276 |
| Edition number | 21 |
| Item number | R146 |
| 092 04 - LOCALLY ASSIGNED DEWEY CALL NUMBER (OCLC) | |
| Edition number | 21 |
| Classification number | 005.276 |
| Item number | R146 |
| 099 ## - LOCAL FREE-TEXT CALL NUMBER (OCLC) | |
| Classification number | 005.276 R146 |
| 100 1# - MAIN ENTRY--PERSONAL NAME | |
| Personal name | Rammer, Ingo. |
| Relator term | مؤلف. |
| 245 10 - TITLE STATEMENT | |
| Title | Advanced .NET remoting / |
| Statement of responsibility, etc. | Ingo Rammer and Mario Szpuszta. |
| 250 ## - EDITION STATEMENT | |
| Edition statement | 2nd ed. |
| 264 ## - PRODUCTION, PUBLICATION, DISTRIBUTION, MANUFACTURE, AND COPYRIGHT NOTICE | |
| Place of production, publication, distribution, manufacture | Berkeley, CA : |
| -- | New York : |
| Name of producer, publisher, distributor, manufacturer | Apress ; |
| -- | Distributed to the Book trade in the United States by Springer-Verlag, |
| Date of production, publication, distribution, manufacture, or copyright notice | c2005. |
| 300 ## - PHYSICAL DESCRIPTION | |
| Extent | xxvii, 579 p. : |
| Other physical details | illustration ; |
| Dimensions | 24 cm. |
| 336 ## - CONTENT TYPE | |
| Content type term | text |
| Content type code | txt |
| Source | rdacontent |
| 337 ## - MEDIA TYPE | |
| Media type term | unmediated |
| Media type code | n |
| Source | rdamedia |
| 338 ## - CARRIER TYPE | |
| Carrier type term | volume |
| Carrier type code | nc |
| Source | rdacarrier |
| 500 ## - GENERAL NOTE | |
| General note | Includes index. |
| 504 ## - BIBLIOGRAPHY, ETC. NOTE | |
| Bibliography, etc. note | Bibliography: pages 549-579. |
| 505 0# - FORMATTED CONTENTS NOTE | |
| Formatted contents note | Introduction to remoting -- .NET remoting basics -- .NET remoting in action -- Configuration and deployment -- Securing .NET remoting -- Creating remoting clients -- In-depth .NET remoting -- The ins and outs of versioning -- .NET remoting tips and best practices -- Troubleshooting .NET remoting -- Inside the framework -- Creation of sinks -- Extending .NET remoting -- Developing a transport channel -- Context matters -- .NET remoting usage reference -- .NET remoting extensibility reference -- .NET remoting links. |
| 541 ## - IMMEDIATE SOURCE OF ACQUISITION NOTE | |
| Source of acquisition | وزارة الثقافة ؛ |
| Address | القاهرة ؛ |
| Method of acquisition | إهداء ؛ |
| Date of acquisition | 2023. |
| 650 #0 - SUBJECT ADDED ENTRY--TOPICAL TERM | |
| Topical term or geographic name entry element | Internet programming. |
| 650 #0 - SUBJECT ADDED ENTRY--TOPICAL TERM | |
| Topical term or geographic name entry element | Client/server computing. |
| 700 1# - ADDED ENTRY--PERSONAL NAME | |
| Personal name | Szpuszta, Mario. |
| Relator term | Reviewer. |
| 856 42 - ELECTRONIC LOCATION AND ACCESS | |
| Materials specified | Publisher description |
| Uniform Resource Identifier | <a href="http://www.loc.gov/catdir/enhancements/fy0662/2005280432-d.html">http://www.loc.gov/catdir/enhancements/fy0662/2005280432-d.html</a> |
| 905 ## - Cataloger and Reviser Names | |
| Cataloger Name | Samah |
| 942 ## - ADDED ENTRY ELEMENTS (KOHA) | |
| Source of classification or shelving scheme | Dewey Decimal Classification |
| Koha item type | Books |
| Edition | 21 |
| Suppress in OPAC | No |
| Withdrawn status | Lost status | Source of classification or shelving scheme | Damaged status | Not for loan | Home library | Current library | Date acquired | Inventory number | Total checkouts | Full call number | Barcode | Date last seen | Price effective from | Koha item type |
|---|---|---|---|---|---|---|---|---|---|---|---|---|---|---|
| Dewey Decimal Classification | Not for loan | مكتبة جامعة القاهرة الاهلية | قاعة الهندسة | 13.05.2026 | 14 | 005.276 R146 | 02010001400000 | 13.05.2026 | 13.05.2026 | Books |